[Event "Druga liga Srbije grupa Vojvodina 2012"]
[Site "Kac"]
[Date "2012.10.16"]
[Round "4.1"]
[White "Kosic, Dragan"]
[Black "Bodiroga, Predrag"]
[Result "1/2-1/2"]
[WhiteElo "2509"]
[BlackElo "2394"]
[PlyCount "41"]
[EventDate "2012.10.14"]

1. d4 d5 2. c4 dxc4 3. Nf3 Nf6 4. e3 e6 5. Bxc4 a6 6. O-O c5 7. dxc5 Qxd1 8.
Rxd1 Bxc5 9. Be2 Ke7 10. Ne5 Nbd7 11. Nc4 Rd8 12. Bf3 Rb8 13. b3 b5 14. Na5 Ne5
15. Rxd8 Kxd8 16. Ba3 Bxa3 17. Nxa3 Nxf3+ 18. gxf3 Bd7 19. Nc2 Kc7 20. b4 Kb6
21. Nb3 1/2-1/2

[Event "Druga liga Srbije grupa Vojvodina 2012"]
[Site "Kac"]
[Date "2012.10.16"]
[Round "4.1"]
[White "Vukic, Radivoj"]
[Black "Laketic, Gojko"]
[Result "1/2-1/2"]
[WhiteElo "2351"]
[BlackElo "2435"]
[PlyCount "23"]
[EventDate "2012.10.14"]

1. d4 d5 2. Nf3 Nf6 3. c4 c6 4. Nc3 e6 5. e3 Nbd7 6. Qc2 b6 7. Bd3 Bb7 8. O-O
Be7 9. cxd5 cxd5 10. Bd2 O-O 11. Rfc1 Rc8 12. Qb3 1/2-1/2

[Event "Druga liga Srbije grupa Vojvodina 2012"]
[Site "Kac"]
[Date "2012.10.16"]
[Round "4.1"]
[White "Kosanovic, Goran A"]
[Black "Remecki, Sinisa"]
[Result "1-0"]
[WhiteElo "2363"]
[BlackElo "2212"]
[PlyCount "75"]
[EventDate "2012.10.14"]

1. e4 c5 2. Nf3 Nc6 3. Nc3 d6 4. d4 cxd4 5. Nxd4 e6 6. Be3 a6 7. Be2 Nf6 8. f4
Be7 9. Qd2 Qc7 10. O-O-O Nxd4 11. Qxd4 O-O 12. g4 d5 13. exd5 Nxd5 14. Nxd5
exd5 15. Bf3 Bd7 16. Qb6 Rac8 17. Qxc7 Rxc7 18. h3 Rfc8 19. c3 Bc6 20. Bxd5 b5
21. Kb1 Kf8 22. a3 Rd7 23. Bxc6 Rxd1+ 24. Rxd1 Rxc6 25. f5 Ke8 26. Kc2 g6 27.
Rd5 Bd6 28. Kd3 Bc7 29. b3 Rd6 30. Ke4 Kd7 31. Bc5 Rxd5 32. Kxd5 Bf4 33. fxg6
fxg6 34. Bd4 Bc1 35. a4 bxa4 36. bxa4 Bf4 37. Be5 Be3 38. c4 1-0

[Event "Druga liga Srbije grupa Vojvodina 2012"]
[Site "Kac"]
[Date "2012.10.16"]
[Round "4.1"]
[White "Titov, Ivan"]
[Black "Drazic, Sinisa"]
[Result "0-1"]
[WhiteElo "2173"]
[BlackElo "2511"]
[PlyCount "184"]
[EventDate "2012.10.14"]

1. a3 g6 2. e4 c5 3. Bc4 Bg7 4. Nf3 Nc6 5. c3 e6 6. d4 cxd4 7. O-O d5 8. exd5
exd5 9. Bb5 dxc3 10. Bg5 cxb2 11. Ra2 Nge7 12. Nd4 Qd6 13. Bxc6+ Nxc6 14. Nb5
Qb8 15. Re1+ Be6 16. Qd2 O-O 17. Rxb2 Ne5 18. Rb4 Nc4 19. Qc1 a6 20. Bf4 Qc8
21. Nc7 Ra7 22. Nc3 b5 23. N3xd5 Bxd5 24. Nxd5 Re8 25. Rd1 Rd7 26. Rb3 Qb7 27.
Rbd3 Red8 28. Bc7 Qxc7 29. Nxc7 Rxd3 30. Rxd3 Rxd3 31. g3 Be5 32. Qf1 Rxa3 33.
Qh3 Nb6 34. Ne6 b4 35. Ng5 h5 36. Qh4 Bf6 37. Qf4 Nd5 38. Qb8+ Kg7 39. h4 b3
40. Qe8 Bxg5 41. hxg5 b2 42. Qe5+ Kh7 43. Qxb2 Rf3 44. Qb7 Rf5 45. Qxa6 Rxg5
46. Qb7 Rf5 47. Kg2 Nc3 48. f3 Nd5 49. Qb3 Nc7 50. Qc4 Ne6 51. Qh4 Kg8 52. Qe7
Kg7 53. Qb4 Ng5 54. f4 Nh7 55. Qc3+ Nf6 56. Qd4 Kh7 57. Qa7 Ng4 58. Qd4 Ra5 59.
Kf3 Ra3+ 60. Kg2 Ne3+ 61. Kf2 Nf5 62. Qb4 Ra8 63. Qb7 Ra2+ 64. Kf3 Kg7 65. Qb4
Rc2 66. Qa5 Nh6 67. Qe5+ Kh7 68. Qe7 Rc3+ 69. Kg2 Rxg3+ 70. Kf2 Rg4 71. Kf3 h4
72. Qe2 Rg3+ 73. Ke4 Nf5 74. Qa2 Re3+ 75. Kd5 h3 76. Kc6 Re6+ 77. Kd7 Kh6 78.
Qb3 Re3 79. Qa2 Kh5 80. Kd8 Re6 81. Qb2 Kg4 82. Qa2 Kg3 83. Qb3+ Ne3 84. Qb8 f5
85. Kd7 Re4 86. Qb6 h2 87. Qb1 Ng4 88. Qd3+ Re3 89. Qb1 Kg2 90. Qb7+ Re4 91.
Qb2+ Kg3 92. Qc1 Nf2 0-1

[Event "Druga liga Srbije grupa Vojvodina 2012"]
[Site "Kac"]
[Date "2012.10.16"]
[Round "4.1"]
[White "Tesic, Dragan"]
[Black "Vajdic, Nikola"]
[Result "0-1"]
[WhiteElo "2346"]
[BlackElo "2290"]
[PlyCount "138"]
[EventDate "2012.10.14"]

1. d4 Nf6 2. Nf3 b5 3. e3 a6 4. Nbd2 e6 5. Bd3 c5 6. c3 Bb7 7. e4 d6 8. O-O
Nbd7 9. Re1 cxd4 10. cxd4 e5 11. b3 exd4 12. e5 dxe5 13. Nxe5 Be7 14. Ba3 Nd5
15. Qg4 Nxe5 16. Rxe5 O-O 17. Bxh7+ Kxh7 18. Bxe7 Nxe7 19. Qh4+ Kg8 20. Qxe7
Re8 21. Qxd8 Raxd8 22. Rxe8+ Rxe8 23. Kf1 Rc8 24. Ke2 Bxg2 25. Kd3 Rc3+ 26.
Kxd4 Rh3 27. a4 Rxh2 28. axb5 axb5 29. Rg1 Bc6 30. Ke3 Rh6 31. Rg5 Re6+ 32. Kd3
Rd6+ 33. Ke3 g6 34. Rc5 f5 35. f4 Kf7 36. b4 Kf6 37. Nb3 Re6+ 38. Kd3 Bd7 39.
Nd4 Re4 40. Nxb5 Bxb5+ 41. Rxb5 Rxf4 42. Rb8 Rf3+ 43. Kc2 Re3 44. b5 Kg5 45.
Rc8 Re5 46. b6 Rb5 47. Rc6 f4 48. Kd3 Kh5 49. Kc4 Rb1 50. Rc5+ Kg4 51. Rb5 Rxb5
52. Kxb5 f3 53. b7 f2 54. b8=Q f1=Q+ 55. Kc6 Qc4+ 56. Kd7 Qf7+ 57. Kc6 Qe6+ 58.
Kc5 Qe3+ 59. Kd5 Qf3+ 60. Ke6 g5 61. Qa7 Qe4+ 62. Kd7 Qd3+ 63. Ke8 Qf3 64. Kd8
Kf5 65. Qh7+ Kf4 66. Qh2+ Ke3 67. Qg1+ Kf4 68. Qh2+ Qg3 69. Qh1 g4 {
dalje necitko} 0-1

[Event "Druga liga Srbije grupa Vojvodina 2012"]
[Site "Kac"]
[Date "2012.10.16"]
[Round "4.1"]
[White "Jacimovic, Zoran"]
[Black "Kovacevic, Dragisa"]
[Result "1-0"]
[WhiteElo "2168"]
[BlackElo "2236"]
[PlyCount "87"]
[EventDate "2012.10.14"]

1. e4 c5 2. Nf3 a6 3. c4 e6 4. Nc3 b6 5. d4 cxd4 6. Nxd4 g6 7. Be3 Bg7 8. Qd2
Bb7 9. Be2 h6 10. O-O Ne7 11. f4 Nc8 12. f5 e5 13. Nc2 g5 14. Bh5 Bf6 15. Nd5
d6 16. b4 Nd7 17. a4 a5 18. b5 Ne7 19. Na3 Bxd5 20. cxd5 Rc8 21. Rac1 Rxc1 22.
Rxc1 Nc5 23. Bxc5 dxc5 24. d6 Nc8 25. Rd1 Qd7 26. Qd5 O-O 27. Nc4 Rd8 28. Qc6
Kf8 29. Kf2 Kg7 30. Qd5 Kg8 31. g3 Rf8 32. h3 Rd8 33. Qc6 Kf8 34. Qd5 Kg8 35.
Kf3 Rf8 36. Rd3 Rd8 37. Rd1 Rf8 38. Nxe5 Bxe5 39. Qxe5 Qd8 40. d7 Ne7 41. Qf6
c4 42. h4 Nc8 43. hxg5 c3 44. Bxf7+ 1-0

[Event "Druga liga Srbije grupa Vojvodina 2012"]
[Site "Kac"]
[Date "2012.10.16"]
[Round "4.2"]
[White "Galyas, Miklos"]
[Black "Dumpor, Atif"]
[Result "1/2-1/2"]
[WhiteElo "2423"]
[BlackElo "2359"]
[PlyCount "115"]
[EventDate "2012.10.14"]

1. d4 Nf6 2. c4 e6 3. Nc3 d5 4. cxd5 exd5 5. Bg5 Nbd7 6. e3 c6 7. Bd3 Be7 8.
Nge2 Nf8 9. O-O Ne6 10. Bh4 g6 11. f3 O-O 12. Kh1 Nh5 13. Bf2 f5 14. Qc2 Bd6
15. Rad1 Qg5 16. Qc1 Bd7 17. Bc2 Rf7 18. e4 fxe4 19. Qxg5 Nxg5 20. fxe4 Raf8
21. Kg1 Bg4 22. e5 Bb4 23. Rb1 Bxe2 24. Nxe2 Bd2 25. Rbd1 Rxf2 26. Rxd2 Ne4 27.
Bxe4 dxe4 28. Re1 Ng7 29. Rdd1 e3 30. Rd3 Nf5 31. e6 Nh4 32. Rxe3 Rxg2+ 33. Kh1
Rff2 34. Nf4 Rxh2+ 35. Kg1 Kf8 36. d5 cxd5 37. e7+ Ke8 38. Rc1 Rc2 39. Rxc2
Rxc2 40. Nxd5 Rc6 41. b4 Nf5 42. Re5 a6 43. a4 b5 44. axb5 axb5 45. Kf2 Ng7 46.
Ke3 h6 47. Kd3 Kf7 48. Nc3 Rd6+ 49. Ke4 Re6 50. Nxb5 Kxe7 51. Nd4 Rxe5+ 52.
Kxe5 h5 53. b5 h4 54. b6 Kd7 55. Kf4 Nf5 56. Nf3 Kc6 57. Nxh4 Nxh4 58. Kg5
1/2-1/2

[Event "Druga liga Srbije grupa Vojvodina 2012"]
[Site "Kac"]
[Date "2012.10.16"]
[Round "4.2"]
[White "Ratkovic, Milovan"]
[Black "Somborski, Nebojsa"]
[Result "1-0"]
[WhiteElo "2272"]
[BlackElo "2342"]
[PlyCount "112"]
[EventDate "2012.10.14"]

1. d4 d5 2. c4 e6 3. Nf3 c5 4. cxd5 exd5 5. Nc3 Nc6 6. g3 Nf6 7. Bg2 Be7 8. O-O
O-O 9. Bg5 cxd4 10. Nxd4 h6 11. Be3 Bg4 12. Qa4 Na5 13. Rad1 Nc4 14. Bc1 Nb6
15. Qb3 Rc8 16. h3 Bd7 17. Bf4 Rc4 18. Be5 Qc8 19. Kh2 Re8 20. Ncb5 Rb4 21. Qd3
Nc4 22. Bxf6 Bxf6 23. Bxd5 Ne5 24. Qd2 Rxb5 25. Nxb5 Bxb5 26. Rfe1 Qc5 27. Kg2
Rd8 28. e4 Bc6 29. Qc3 Qxc3 30. bxc3 Bxd5 31. Rxd5 Rc8 32. f4 Nc6 33. e5 Be7
34. Rd7 b6 35. Red1 Kf8 36. Rb7 Ke8 37. Rdd7 Bc5 38. Rdc7 Rxc7 39. Rxc7 Ne7 40.
Rxa7 Nd5 41. c4 Ne3+ 42. Kf3 Nxc4 43. Ke4 g6 44. g4 Kf8 45. f5 g5 46. f6 Kg8
47. Rc7 Nd2+ 48. Kd5 Ba3 49. e6 fxe6+ 50. Kxe6 Nf3 51. Rc8+ Kh7 52. Rc7+ Kg8
53. f7+ Kg7 54. f8=Q+ Kxf8 55. Rf7+ Kg8 56. Rxf3 Bc5 1-0

[Event "Druga liga Srbije grupa Vojvodina 2012"]
[Site "Kac"]
[Date "2012.10.16"]
[Round "4.2"]
[White "Vlahovic, Bogdan"]
[Black "Orlov, Konstantin"]
[Result "1-0"]
[WhiteElo "2340"]
[BlackElo "2247"]
[PlyCount "118"]
[EventDate "2012.10.14"]

1. Nf3 Nf6 2. c4 e6 3. b3 d5 4. Bb2 Be7 5. g3 O-O 6. Bg2 c6 7. O-O b6 8. e3
Nbd7 9. Nc3 Ba6 10. d3 Rc8 11. Re1 b5 12. cxb5 cxb5 13. a3 Qb6 14. b4 Bb7 15.
Nd4 a6 16. Nb3 Qd6 17. Qe2 e5 18. d4 exd4 19. exd4 Rfe8 20. Nc5 Qc7 21. Qd3 Nb6
22. Rad1 Rcd8 23. Bc1 Bc8 24. h3 Qc6 25. Re2 Bf8 26. Rde1 Rxe2 27. Rxe2 Re8 28.
Bg5 h6 29. Rxe8 Nxe8 30. Bd8 Nf6 31. Bxb6 Qxb6 32. Nxd5 Nxd5 33. Bxd5 Bxh3 34.
Qf3 Qg6 35. Nxa6 h5 36. Nc5 Bg4 37. Qe4 Bf5 38. Qf4 Bd6 39. Qh4 Kh7 40. Ne4
Bxe4 41. Qxe4 f5 42. Qe6 Qxe6 43. Bxe6 f4 44. Kg2 fxg3 45. fxg3 h4 46. gxh4 Bf4
47. Bd7 Bc1 48. Bxb5 Bxa3 49. Bd3+ Kg8 50. b5 Bb2 51. d5 Bd4 52. Kf3 Kf7 53. h5
Ke7 54. Ke4 Bc5 55. Ke5 Kd7 56. Kf5 Kd6 57. Kg6 Bd4 58. Be4 Ke7 59. b6 Kd6 1-0

[Event "Druga liga Srbije grupa Vojvodina 2012"]
[Site "Kac"]
[Date "2012.10.16"]
[Round "4.2"]
[White "Ratkovic, Miloje"]
[Black "Sekulic, Dusan"]
[Result "1-0"]
[WhiteElo "2202"]
[BlackElo "2304"]
[PlyCount "73"]
[EventDate "2012.10.14"]

1. d4 Nf6 2. Nf3 c5 3. d5 b5 4. Bg5 Qa5+ 5. Nbd2 Nxd5 6. e4 Nb6 7. c3 Na4 8.
Qc2 Nc6 9. Be2 d6 10. O-O a6 11. Rfc1 Bd7 12. b3 Nb6 13. a3 Nc8 14. b4 Qc7 15.
c4 Nd4 16. Nxd4 cxd4 17. Qd3 Qa7 18. c5 e5 19. c6 Be6 20. a4 bxa4 21. Rxa4 Qb6
22. Nc4 Qxc6 23. b5 Qd7 24. Rxa6 Rxa6 25. bxa6 h6 26. Bd2 Be7 27. Na5 O-O 28.
Qb5 Bd8 29. Qxd7 Bxd7 30. Rxc8 Bxa5 31. Rxf8+ Kxf8 32. Bxa5 Bc6 33. a7 d5 34.
Bb4+ Kg8 35. exd5 Bxd5 36. f3 Kh8 37. Bd3 1-0

[Event "Druga liga Srbije grupa Vojvodina 2012"]
[Site "Kac"]
[Date "2012.10.16"]
[Round "4.2"]
[White "Mijatovic, Dejan"]
[Black "Kostic, Branimir"]
[Result "1-0"]
[WhiteElo "2271"]
[BlackElo "2234"]
[PlyCount "50"]
[EventDate "2012.10.14"]

1. d4 Nf6 2. c4 e6 3. a3 d5 4. e3 Be7 5. Nc3 O-O 6. Nf3 c6 7. Bd3 Nbd7 8. O-O
Bd6 9. e4 dxe4 10. Nxe4 Nxe4 11. Bxe4 Nf6 12. Bc2 Qc7 13. Qd3 Bf4 14. Ng5 Bxh2+
15. Kh1 Bf4 16. Nxh7 Rd8 17. Nxf6+ gxf6 18. Qh7+ Kf8 19. Be3 Ke7 20. Qh4 e5 21.
dxe5 Bxe5 22. Bc5+ Bd6 23. Rae1+ Be6 24. Rxe6+ fxe6 25. Qh7+ Kf8 1-0

[Event "Druga liga Srbije grupa Vojvodina 2012"]
[Site "Kac"]
[Date "2012.10.16"]
[Round "4.2"]
[White "Milojevic, Dusan"]
[Black "Lalic, Dragan"]
[Result "1/2-1/2"]
[WhiteElo "2188"]
[BlackElo "2321"]
[PlyCount "29"]
[EventDate "2012.10.14"]

1. e4 d6 2. d4 Nf6 3. Nc3 Nbd7 4. Nf3 e5 5. Bc4 Be7 6. dxe5 dxe5 7. Nd5 Nxd5 8.
Qxd5 O-O 9. Bd2 c6 10. Qd3 b5 11. Bb3 Qc7 12. Ng5 Nc5 13. Qf3 Nxb3 14. Qxb3
Bxg5 15. Bxg5 1/2-1/2

[Event "Druga liga Srbije grupa Vojvodina 2012"]
[Site "Kac"]
[Date "2012.10.16"]
[Round "4.3"]
[White "Ilic, Aleksandar"]
[Black "Dvornic, Mladen"]
[Result "0-1"]
[WhiteElo "2110"]
[BlackElo "2323"]
[PlyCount "96"]
[EventDate "2012.10.14"]

1. d4 d5 2. c4 e6 3. Nc3 Be7 4. e3 Nf6 5. Nf3 O-O 6. Bd3 c5 7. O-O Nc6 8. b3
cxd4 9. exd4 b6 10. Bb2 Bb7 11. cxd5 Nxd5 12. Qd2 Bf6 13. Rad1 Nxc3 14. Bxc3
Ne7 15. Qe2 Rc8 16. Bb2 Qd5 17. Rfe1 Rfd8 18. Be4 Qxe4 19. Qxe4 Bxe4 20. Rxe4
Rc2 21. Rd2 Rxd2 22. Nxd2 b5 23. Nf3 Rc8 24. Re2 h5 25. h3 g6 26. g3 Nd5 27. a3
a5 28. Rd2 a4 29. bxa4 bxa4 30. Ne1 Bg5 31. f4 Bd8 32. Rc2 Rxc2 33. Nxc2 h4 34.
Kg2 hxg3 35. Kxg3 Be7 36. Bc1 g5 37. Kf3 gxf4 38. Ne1 Kg7 39. Nd3 Bd6 40. Bxf4
Nxf4 41. Nxf4 Bxa3 42. d5 e5 43. Nd3 Bd6 44. Ke4 Kg6 45. Nxe5+ Bxe5 46. Kxe5 a3
47. d6 a2 48. d7 a1=Q+ 0-1

[Event "Druga liga Srbije grupa Vojvodina 2012"]
[Site "Kac"]
[Date "2012.10.16"]
[Round "4.3"]
[White "Torbica, Milos"]
[Black "Pezelj, Novak"]
[Result "1/2-1/2"]
[WhiteElo "2279"]
[BlackElo "2310"]
[PlyCount "149"]
[EventDate "2012.10.14"]

1. d4 g6 2. Nf3 Bg7 3. Bf4 c5 4. c3 Qb6 5. Qc1 cxd4 6. cxd4 Nc6 7. e3 d6 8. Nc3
e5 9. dxe5 dxe5 10. Bg3 Bg4 11. Nd2 Rd8 12. a3 Nge7 13. Bc4 O-O 14. O-O Qc7 15.
Nde4 a6 16. Bh4 Qc8 17. Nf6+ Kh8 18. Nxg4 Qxg4 19. Bxe7 Nxe7 20. Be2 Qe6 21.
Qc2 f5 22. Rad1 e4 23. Rxd8 Rxd8 24. Rd1 Rxd1+ 25. Qxd1 Nc6 26. h3 Be5 27. Na4
Bf6 28. Nb6 Kg7 29. g3 Be5 30. b3 Qd6 31. Nc4 Qxd1+ 32. Bxd1 Bc7 33. Kf1 Kf6
34. Ke2 b5 35. Nd2 Be5 36. Nb1 a5 37. a4 bxa4 38. bxa4 Ke6 39. Bb3+ Kd6 40. Bg8
Ne7 41. Bf7 Kc5 42. g4 Kb4 43. gxf5 gxf5 44. Be8 Nd5 45. Bd7 f4 46. Bc6 Kc5 47.
Bb7 fxe3 48. fxe3 h6 49. Kd2 Nb6 50. Bxe4 Nxa4 51. Bg6 Nb6 52. Bf7 Nd5 53. Be8
Nf6 54. Bf7 Ne4+ 55. Kc2 Ng5 56. Be8 Nxh3 57. Kb3 Nf2 58. Ka4 Nd1 59. Kxa5 Nxe3
60. Ka4 Kc4 61. Bf7+ Kd3 62. Kb3 Ng4 63. Bg6+ Ke3 64. Kc2 Bf6 65. Nc3 Be5 66.
Nd5+ Kd4 67. Bf7 Bd6 68. Nb6 Ne5 69. Be8 Be7 70. Na4 Nc4 71. Kd1 Bf6 72. Ke2
Nd6 73. Bg6 Kd5 74. Kd3 Ba1 75. Nc3+ 1/2-1/2

[Event "Druga liga Srbije grupa Vojvodina 2012"]
[Site "Kac"]
[Date "2012.10.16"]
[Round "4.3"]
[White "Blagojevic, Srdjan"]
[Black "Desnica, Vladan"]
[Result "1-0"]
[WhiteElo "2148"]
[BlackElo "2236"]
[PlyCount "133"]
[EventDate "2012.10.14"]

1. d4 Nf6 2. Nc3 d5 3. Bg5 Nbd7 4. Qd3 h6 5. Bh4 e6 6. f3 c5 7. e4 cxd4 8. Qxd4
Bc5 9. Qa4 Bxg1 10. Rxg1 Qb6 11. Bf2 Qxb2 12. Bd4 Qxa1+ 13. Kd2 O-O 14. Nxd5
Qxd4+ 15. Qxd4 exd5 16. exd5 Nb6 17. c4 Be6 18. Ke1 Rfd8 19. g4 Nfxd5 20. cxd5
Rxd5 21. Qb2 Rad8 22. Be2 Bd7 23. Kf2 Bc6 24. Rc1 R8d7 25. Qa3 a5 26. Qe3 Na4
27. Rxc6 bxc6 28. Qe8+ Kh7 29. Qe4+ g6 30. Qxa4 Rc5 31. Qb3 Kg7 32. Bc4 Rd2+
33. Kg3 Rd7 34. h4 h5 35. g5 Rf5 36. Bd3 Rfd5 37. Be4 Rd1 38. Qc3+ Kg8 39. Qxc6
R7d2 40. Qe8+ Kg7 41. Qe5+ Kg8 42. Qxa5 Rg1+ 43. Kf4 Rgg2 44. a4 Rh2 45. Ke5
Kg7 46. Qc3 Rd1 47. Kf4+ Kg8 48. a5 Rxh4+ 49. Ke5 Rh2 50. Bxg6 Re2+ 51. Be4 h4
52. Qc8+ Kg7 53. Qf5 Ra2 54. Qf6+ Kg8 55. g6 Rxa5+ 56. Kf4 Rd7 57. g7 Rh5 58.
Kg4 Ra5 59. Qh6 f5+ 60. Kxh4 Rxg7 61. Qe6+ Rf7 62. Bd5 Rxd5 63. Qxd5 Kg7 64.
Kg5 f4 65. Qe5+ Kg8 66. Kg6 Kf8 67. Qb8+ 1-0

[Event "Druga liga Srbije grupa Vojvodina 2012"]
[Site "Kac"]
[Date "2012.10.16"]
[Round "4.3"]
[White "Medar, Zeljko"]
[Black "Banovic, Ivan"]
[Result "1/2-1/2"]
[WhiteElo "2229"]
[BlackElo "2148"]
[PlyCount "70"]
[EventDate "2012.10.14"]

1. d4 Nf6 2. Nf3 g6 3. Bg5 Ne4 4. Bf4 Bg7 5. Nbd2 Nxd2 6. Qxd2 c5 7. e3 Qb6 8.
c3 d6 9. Be2 Nd7 10. O-O Nf6 11. h3 O-O 12. a4 Qc6 13. Bb5 Qc7 14. Qe2 Bf5 15.
Bh2 a6 16. Bd3 Bxd3 17. Qxd3 c4 18. Qc2 b5 19. Nd2 Qc6 20. e4 d5 21. exd5 Nxd5
22. Rfe1 e6 23. Ne4 Nb6 24. Bd6 Rfe8 25. axb5 axb5 26. Be5 Nd7 27. Bxg7 Kxg7
28. Qe2 Qd5 29. Qe3 Rxa1 30. Rxa1 Ra8 31. Rxa8 Qxa8 32. Nc5 Qd5 33. Nxd7 Qxd7
34. Qe5+ Kg8 35. f3 Qb7 1/2-1/2

[Event "Druga liga Srbije grupa Vojvodina 2012"]
[Site "Kac"]
[Date "2012.10.16"]
[Round "4.3"]
[White "Matic, Radovan"]
[Black "Popovic, Milan S"]
[Result "1-0"]
[WhiteElo "2159"]
[BlackElo "2087"]
[PlyCount "99"]
[EventDate "2012.10.14"]

1. d4 Nf6 2. Nc3 d5 3. Bg5 Nbd7 4. Nf3 g6 5. Qd3 Bg7 6. e4 dxe4 7. Nxe4 O-O 8.
Nxf6+ Nxf6 9. Be2 c6 10. O-O Bf5 11. Qb3 Qb6 12. c3 Qc7 13. Rfe1 Be6 14. Qa3 h6
15. Bh4 Rfe8 16. Ne5 g5 17. Bg3 Ne4 18. Bf3 Nxg3 19. hxg3 Qd6 20. Qa5 f6 21.
Ng4 Bd5 22. Ne3 Bxf3 23. gxf3 e6 24. Rad1 b6 25. Qa4 Qc7 26. Qb3 Kh8 27. Qc2
Qf7 28. Re2 Re7 29. Rde1 Rf8 30. Nf5 e5 31. Nxe7 Qxe7 32. Qg6 Qd8 33. Kg2 f5
34. Qxc6 g4 35. f4 e4 36. Rh1 Rf6 37. Qb5 Qa8 38. Re3 a6 39. Qd7 Qf8 40. Rh5
Rf7 41. Qd5 Rf6 42. b4 Kh7 43. a4 Kg6 44. Rh1 Qe8 45. b5 a5 46. c4 Qd7 47. c5
Bf8 48. Rc1 Qe8 49. cxb6 Rd6 50. Rc6 1-0

[Event "Druga liga Srbije grupa Vojvodina 2012"]
[Site "Kac"]
[Date "2012.10.16"]
[Round "4.4"]
[White "Stupavski, Zdenko"]
[Black "Roganovic, Milos"]
[Result "1/2-1/2"]
[WhiteElo "2407"]
[BlackElo "2518"]
[PlyCount "95"]
[EventDate "2012.10.14"]

1. c4 Nf6 2. g3 e6 3. Bg2 d5 4. Nf3 Be7 5. O-O O-O 6. Qc2 b6 7. cxd5 exd5 8. d4
c5 9. Nc3 Nc6 10. Rd1 Be6 11. Bg5 Rc8 12. e3 h6 13. Bxf6 Bxf6 14. dxc5 bxc5 15.
Rac1 Ne7 16. Ne4 Nf5 17. Nxf6+ Qxf6 18. Ne1 Rfd8 19. Nd3 c4 20. Nf4 d4 21. Nxe6
fxe6 22. exd4 Nxd4 23. Qe4 e5 24. Re1 Rf8 25. Qe3 Kh8 26. Rcd1 Rcd8 27. Be4 Qa6
28. Rd2 Qxa2 29. Kg2 Qa5 30. Red1 Rb8 31. Bb1 Qd5+ 32. Qe4 Qxe4+ 33. Bxe4 g5
34. Bd5 Rbc8 35. Re1 Rc5 36. Be4 Rb5 37. Re3 Rc8 38. f4 Rcb8 39. fxe5 Rxb2 40.
Rxb2 Rxb2+ 41. Kh3 h5 42. Bg6 g4+ 43. Kh4 Kg7 44. Kxh5 Rxh2+ 45. Kg5 Ne6+ 46.
Kf5 Nd4+ 47. Kg5 Ne6+ 48. Kf5 1/2-1/2

[Event "Druga liga Srbije grupa Vojvodina 2012"]
[Site "Kac"]
[Date "2012.10.16"]
[Round "4.4"]
[White "Sipos, Istvan"]
[Black "Elez, Nikola"]
[Result "1-0"]
[WhiteElo "2459"]
[BlackElo "2207"]
[PlyCount "65"]
[EventDate "2012.10.14"]

1. c4 d6 2. Nc3 c6 3. d4 Nf6 4. e4 Qc7 5. Nf3 Bg4 6. Be2 Nbd7 7. Be3 e5 8. d5
Be7 9. O-O O-O 10. Rc1 h6 11. Nh4 Bxe2 12. Qxe2 Rfe8 13. Nf5 Bf8 14. Rfd1 c5
15. Rd3 Kh7 16. Qf3 a6 17. g4 g6 18. g5 Nh5 19. Qh3 gxf5 20. Qxh5 f4 21. Bxf4
exf4 22. Qxf7+ Kh8 23. g6 Re7 24. g7+ Bxg7 25. Qxe7 Rg8 26. Kh1 Qc8 27. Rh3 Ne5
28. Qe6 Qxe6 29. dxe6 Nxc4 30. Nd5 Nxb2 31. e7 Re8 32. Rg1 c4 33. Nf6 1-0

[Event "Druga liga Srbije grupa Vojvodina 2012"]
[Site "Kac"]
[Date "2012.10.16"]
[Round "4.4"]
[White "Marjanovic, Dejan"]
[Black "Bulajic, Ratko"]
[Result "1/2-1/2"]
[WhiteElo "2219"]
[BlackElo "2331"]
[PlyCount "92"]
[EventDate "2012.10.14"]

1. e4 c5 2. Nf3 d6 3. d4 cxd4 4. Nxd4 Nf6 5. Nc3 a6 6. Be3 e5 7. Nb3 Be6 8. h3
Nbd7 9. g4 h6 10. Qd2 b5 11. Bg2 Nb6 12. Na5 Qc7 13. Bxb6 Qxb6 14. Nd5 Bxd5 15.
exd5 Be7 16. Nc6 Bd8 17. Qb4 Qc7 18. a4 bxa4 19. Qxa4 O-O 20. c4 Nd7 21. Qc2
Qb7 22. b4 Nb8 23. Ra4 a5 24. bxa5 Nxc6 25. dxc6 Bxa5+ 26. Ke2 Qc7 27. Rha1 Ra7
28. Bd5 Bb6 29. Rxa7 Bxa7 30. Rb1 Rb8 31. Rb7 Rxb7 32. cxb7 Qd7 33. Qa2 Bb8 34.
Qa6 Kf8 35. Bc6 Qc7 36. Qb5 Ba7 37. Kd3 Ke7 38. Ke4 Bb8 39. h4 Kf8 40. Bd5 Ke7
41. h5 Qc5 42. Qxc5 dxc5 43. Kd3 f6 44. Ke4 Kd6 45. Kf5 Ke7 46. Be4 Bc7 1/2-1/2

[Event "Druga liga Srbije grupa Vojvodina 2012"]
[Site "Kac"]
[Date "2012.10.16"]
[Round "4.4"]
[White "Strangar, Zlatko"]
[Black "Zobenica, Ivan"]
[Result "1-0"]
[WhiteElo "2221"]
[BlackElo "2042"]
[PlyCount "95"]
[EventDate "2012.10.14"]

1. e4 c5 2. Nc3 e6 3. Nge2 d6 4. d4 cxd4 5. Nxd4 a6 6. Bc4 Nf6 7. Bb3 Be7 8.
O-O O-O 9. f4 Nbd7 10. f5 Nc5 11. Qf3 Qc7 12. Kh1 b5 13. a3 Nxb3 14. cxb3 Qb7
15. Bg5 h6 16. Bh4 Nh7 17. Bxe7 Qxe7 18. Rad1 Bb7 19. Qg4 Qg5 20. Qe2 Rfe8 21.
Rd3 Kh8 22. Rg3 Qf6 23. Qd3 d5 24. fxe6 dxe4 25. Rxf6 exd3 26. Rxf7 Rad8 27.
Rxd3 Bc8 28. Rff3 Ng5 29. Rfe3 Bxe6 30. Nxe6 Rxd3 31. Rxd3 Rxe6 32. h4 Nf7 33.
Rd2 Kh7 34. Nd5 Rd6 35. Kg1 Ne5 36. Kf2 Nd7 37. Ke3 Nc5 38. b4 Na4 39. Kd4 Rg6
40. b3 Nb6 41. Nxb6 Rxb6 42. Kc5 Rg6 43. a4 bxa4 44. bxa4 Rg4 45. b5 Rxa4 46.
b6 Rxh4 47. b7 Rh5+ 48. Rd5 1-0

[Event "Druga liga Srbije grupa Vojvodina 2012"]
[Site "Kac"]
[Date "2012.10.16"]
[Round "4.4"]
[White "Subotic, Srbislav"]
[Black "Ivanovic, Miroslav"]
[Result "1/2-1/2"]
[WhiteElo "2180"]
[BlackElo "2104"]
[PlyCount "160"]
[EventDate "2012.10.14"]

1. e4 c5 2. Nc3 d6 3. g3 Nc6 4. Bg2 g6 5. d3 Bg7 6. f4 e6 7. Nf3 Nge7 8. O-O
O-O 9. Be3 Nd4 10. Qd2 Rb8 11. Nd1 b6 12. c3 Nxf3+ 13. Bxf3 Ba6 14. Nf2 Qc7 15.
Rfd1 Rbd8 16. d4 Bb7 17. Qe2 Rfe8 18. Nd3 f5 19. e5 Bxf3 20. Qxf3 c4 21. exd6
Rxd6 22. Ne1 Nd5 23. Bd2 Nf6 24. Qe2 Ne4 25. Nf3 Qc6 26. Be1 Bf6 27. Nd2 Rxd4
28. cxd4 Bxd4+ 29. Bf2 Nxf2 30. Nf3 Bc5 31. Rf1 Nd3+ 32. Kh1 e5 33. fxe5 Rxe5
34. Qg2 Re3 35. Rad1 Qe4 36. Rd2 Ne1 37. Nxe1 Rxe1 38. Rd1 Qxg2+ 39. Kxg2 Re2+
40. Kh3 h5 41. Rd7 Kf8 42. Rxa7 Ke8 43. Rg7 Re6 44. Rd1 Be7 45. Rd4 Kf8 46. Rh7
Kg8 47. Rxe7 Rxe7 48. Rxc4 Re2 49. Rb4 g5 50. Rxb6 g4+ 51. Kh4 Rxh2+ 52. Kg5 h4
53. gxh4 g3 54. Rb3 Kh7 55. Rxg3 Rxb2 56. a3 Rb5 57. Rc3 Ra5 58. h5 f4+ 59.
Kxf4 Rxh5 60. Rg3 Ra5 61. Ke4 Kh6 62. Kd4 Ra4+ 63. Kc5 Ra8 64. Kb5 Rb8+ 65. Kc4
Ra8 66. Kb3 Rb8+ 67. Ka2 Ra8 68. Rg4 Kh5 69. Rc4 Kg5 70. a4 Kf5 71. Ka3 Ke5 72.
Kb4 Kd5 73. Rc5+ Kd6 74. Rc1 Rb8+ 75. Ka3 Ra8 76. Rc4 Kd5 77. Rc7 Kd6 78. Rb7
Kc6 79. Rb5 Kc7 80. a5 Rb8 1/2-1/2

[Event "Druga liga Srbije grupa Vojvodina 2012"]
[Site "Kac"]
[Date "2012.10.16"]
[Round "4.4"]
[White "Roganovic, Nebojsa"]
[Black "Gavric, Zivojin"]
[Result "1-0"]
[WhiteElo "2204"]
[BlackElo "2128"]
[PlyCount "73"]
[EventDate "2012.10.14"]

1. e4 c6 2. d4 d5 3. Nc3 dxe4 4. Nxe4 Nf6 5. Nxf6+ exf6 6. Bc4 Bd6 7. Qe2+ Qe7
8. Qxe7+ Kxe7 9. Ne2 Bf5 10. c3 b5 11. Bb3 Re8 12. Be3 Nd7 13. O-O Nb6 14. Bf4
Nd5 15. Bg3 Be6 16. Rfe1 g6 17. Nc1 Nf4 18. Re4 g5 19. Bxf4 Bxf4 20. Nd3 Bd6
21. d5 cxd5 22. Bxd5 Rac8 23. a4 f5 24. Ree1 bxa4 25. Rxa4 Rc7 26. g3 Kf6 27.
Ra6 Rd8 28. Bxe6 fxe6 29. Nb4 Kf7 30. Nc6 Rdd7 31. Nd4 Rb7 32. Nxe6 Rxb2 33.
Nxg5+ Kg6 34. h4 h6 35. Nf3 Kf6 36. Ne5 Rd8 37. Nc4 1-0

[Event "Druga liga Srbije grupa Vojvodina 2012"]
[Site "Kac"]
[Date "2012.10.16"]
[Round "4.5"]
[White "Indjic, Dusan"]
[Black "Varga, Zoltan"]
[Result "1/2-1/2"]
[WhiteElo "2287"]
[BlackElo "2455"]
[PlyCount "55"]
[EventDate "2012.10.14"]

1. Nf3 d5 2. c4 d4 3. g3 c5 4. Bg2 Nc6 5. O-O e5 6. d3 f6 7. e3 Be6 8. exd4
cxd4 9. Bd2 Qb6 10. Na3 Bxa3 11. bxa3 Nge7 12. Rb1 Qc7 13. Bb4 Rb8 14. Nd2 O-O
15. f4 Nxb4 16. axb4 Nf5 17. Bh3 Rfe8 18. Qb3 Kh8 19. Bxf5 Bxf5 20. Rbe1 Bh3
21. f5 Qd7 22. Ne4 Bxf5 23. Rxf5 Qxf5 24. Nd6 Qe6 25. Nxe8 Rxe8 26. Qa3 a6 27.
b5 Qd7 28. Rb1 {dalje necitko...} 1/2-1/2